Digital-Forensics and Watermarking : 12th International Workshop, IWDW 2013, Auckland, New Zealand, October 1–4, 2013 : Revised Selected Papers /
Selección de las ponencias de la décimo segundo Taller Internacional sobre Análisis Forense Digital y Marca de Agua, celebrada en Auckland, Nueva Zelanda, en octubre de 2013. Los artículos abordan temas relacionados con la seguridad informática de imágenes digitales a partir del análisis esteganográ...
Na minha lista:
| Autor Corporativo: | |
|---|---|
| Outros Autores: | , , |
| Formato: | Procedimiento de la conferencia Livro |
| Idioma: | inglês |
| Publicado em: |
Heidelberg, Alemania :
Springer,
2014, c2014
|
| Colecção: | (Lecture Notes in Computer Science ;
8389) |
| Assuntos: | |
| Acesso em linha: | Ver documento en línea |
| Tags: |
Sem tags, seja o primeiro a adicionar uma tag!
|
MARC
| LEADER | 00000nam^a2200000^a^4500 | ||
|---|---|---|---|
| 001 | 000554916 | ||
| 005 | 20251023000000.0 | ||
| 009 | 20260310131707.192 | ||
| 020 | |a 978-3-662-43886-2 | ||
| 037 | |a Acervo ITESO - Biblioteca | ||
| 041 | |a ING | ||
| 082 | |a Libro en línea | ||
| 111 | |a International Workshop on Digital-Forensics and Watermarking ( |n 12° : |d 2013 : |c Auckland, Nueva Zelanda) | ||
| 245 | 1 | 0 | |a Digital-Forensics and Watermarking : |b 12th International Workshop, IWDW 2013, Auckland, New Zealand, October 1–4, 2013 : Revised Selected Papers / |c Ed. de Y.Q. Shi, H.-J. Kim, F. Pérez-González. |
| 264 | 4 | |a Heidelberg, Alemania : |b Springer, |c 2014, c2014 | |
| 264 | 2 | |a Cham, Suiza : |b Springer Link [distribución], |c 2014, c2014 | |
| 300 | |a 1 libro electrónico en línea (XVI, 530 p.) | ||
| 300 | |a 1 recurso en línea | ||
| 336 | |a datos para computadora |b cod |2 rdacontenido | ||
| 337 | |a computadora |b c |2 rdamedio | ||
| 338 | |a recurso en línea |b cr |2 rdasoporte | ||
| 440 | 1 | |a (Lecture Notes in Computer Science ; |v 8389) | |
| 506 | 0 | |a Licencias ilimitadas | |
| 520 | |a Selección de las ponencias de la décimo segundo Taller Internacional sobre Análisis Forense Digital y Marca de Agua, celebrada en Auckland, Nueva Zelanda, en octubre de 2013. Los artículos abordan temas relacionados con la seguridad informática de imágenes digitales a partir del análisis esteganográfico, la criptografía visual, el ocultamiento reversible de datos, la medicina forense, la marca de agua, la anonimización y el reconocimiento de matrículas. | ||
| 649 | |a XX | ||
| 650 | |a Criptografía | ||
| 650 | |a Transmisión de Imágenes | ||
| 650 | |a Manipulación de Imagen por Computadora | ||
| 650 | |a Procesamiento de Imágenes - |x Técnicas Digitales | ||
| 650 | |a Procesamiento Optico de Datos | ||
| 650 | |a Procesamiento de Imágenes | ||
| 650 | |a Sistemas de Imagen - |x Tema Principal | ||
| 650 | |a Seguridad Informática - |x Congresos - |x Tema Principal | ||
| 650 | |a Seguridad Informática - |x Tema Principal | ||
| 650 | |a Ingeniería Computacional | ||
| 700 | |a Shi, Yun Qing |e (edición) | ||
| 700 | |a Kim, Hyoung-Joong |e (edición) | ||
| 700 | |a Pérez-González, Fernando |e (edición) | ||
| 856 | 4 | 0 | |u https://link-springer-com.ezproxy.iteso.mx/10.1007/978-3-662-43886-2 |y Ver documento en línea |
| 910 | |a Fondo General | ||
| 920 | |a Electrónicos - Libros en Línea | ||
| 930 | |a Plataforma Digital | ||
| 905 | |a 205 | ||
| 901 | |a 554916-1 |b IT2 |c EBO |i C |u 20250521 | ||
| 902 | |a https://opac.biblio.iteso.mx/vufind/Record/000554916 | ||